000 00492nam a2200169 a 4500
005 20140310183350.0
008 070619s19uu xx 00 eng d
020 _a81-7391-159-2
050 _aPN 4736
_b.C435 2006
100 _aChakravarty, Suhas
245 _aPress and media :
_bthe global dimensions /
260 _aNew Delhi :
_bKanishka Publishers, Distributors,
_c2006.
300 _a330 p. :
_c23 cm.
521 _aMC
650 _aFree press and fair trial.
942 _cBK
_2lcc
_kFOR
999 _c22062
_d22062